[Event "Liberec Metalmex op"]
[Site "Liberec"]
[Date "2012.08.15"]
[Round "6"]
[White "Mohyla, Zdenek"]
[Black "Bradac, Daniel"]
[Result "1-0"]
[WhiteElo "1511"]
[BlackElo "1882"]
[PlyCount "40"]
[EventDate "2012.08.11"]
[EventType "swiss"]
[EventRounds "9"]
[EventCountry "CZE"]
[SourceTitle "EXT 2014"]
[Source "ChessBase"]
[SourceDate "2013.11.20"]
[SourceVersion "1"]
[SourceVersionDate "2013.11.20"]
[SourceQuality "1"]

1. d4 Nf6 2. c4 g6 3. g3 Bg7 4. Bg2 0-0 5. Nf3 d6 6. 0-0 Nbd7 7. Nc3 e5 8. e4 exd4 9. Nxd4 Re8 10. h3 Nc5 11. Re1 a5 12. Bf4 a4 13. Ndb5 a3 14. Rb1 axb2 15. e5 Nh5 16. exd6 Rxe1+ 17. Qxe1 Nxf4 18. dxc7 Qd7 19. gxf4 Nd3 20. Qd2 Qf5 1-0